000
00365nam a2200133Ia 4500
003
GCL
008
140319s9999 xx 000 0 ara d
040
_a
GCL /
_c
GCL
082
0
4
_a
ط
_b
796
_b
ا م
245
1
0
_a
الغطس
260
_a
[S.N] :
_b
دار الفكر العربى ،
_c
1991
300
_a
32 ص
490
_a
المعرفة الرياضية للبراعم
_v
0
999
_c
56525
_d
56525